000
00265nam a2200109 a 4500
005
20201002061516.0
008
190501s2004 000 spa d
100
_a
Gil, Chris
_9
76352
245
0
_a
Subrepticio.
260
_a
Santo Domingo,
_c
[s.f.].
999
_c
48404
_d
48404
040
_a
DO-SdBNP